Punchinello and the most marvelous gift / (Record no. 9288)

MARC details
000 -LEADER
fixed length control field 01003nam a22003017a 4500
001 - CONTROL NUMBER
control field 9288
003 - CONTROL NUMBER IDENTIFIER
control field FISKH
005 - DATE AND TIME OF LATEST TRANSACTION
control field 20251209102133.0
008 - FIXED-LENGTH DATA ELEMENTS--GENERAL INFORMATION
fixed length control field 251209b cb ||||| |||| 00| 0 eng d
020 ## - INTERNATIONAL STANDARD BOOK NUMBER
International Standard Book Number 9780439724081
040 ## - CATALOGING SOURCE
Original cataloging agency FISKH
Language of cataloging eng
Transcribing agency FISKH
Modifying agency FISKH
050 ## - LIBRARY OF CONGRESS CALL NUMBER
Classification number PZ7.L9684 P
082 ## - DEWEY DECIMAL CLASSIFICATION NUMBER
Classification number 656
100 ## - MAIN ENTRY--PERSONAL NAME
Personal name Lucado, Max
Relator term Author
245 ## - TITLE STATEMENT
Title Punchinello and the most marvelous gift /
Statement of responsibility, etc. Illustrations by Sergio Martinez ; Max Lucado
260 ## - PUBLICATION, DISTRIBUTION, ETC.
Place of publication, distribution, etc. New York :
Name of publisher, distributor, etc. Scholastic Inc. ,
Date of publication, distribution, etc. 2004
300 ## - PHYSICAL DESCRIPTION
Extent 29 pages :
Other physical details color illustrations ;
Dimensions 23 cm
490 ## - SERIES STATEMENT
Series statement Wemmicks
505 ## - FORMATTED CONTENTS NOTE
Formatted contents note N<br/>
520 ## - SUMMARY, ETC.
Summary, etc. When several Wemmicks try to outdo each other to come up with the best gift for Eli the woodcarver on Maker-Day, Punchinello's simple song saves the celebration.
521 8# - TARGET AUDIENCE NOTE
Target audience note 550<br/>
Source Lexile estimate<br/>
521 8# - TARGET AUDIENCE NOTE
Target audience note N<br/>
Source Raz-Plus<br/>
650 ## - SUBJECT ADDED ENTRY--TOPICAL TERM
Topical term or geographic name entry element Children
Form subdivision Christmas
650 ## - SUBJECT ADDED ENTRY--TOPICAL TERM
Topical term or geographic name entry element Competition
Form subdivision Fiction
700 ## - ADDED ENTRY--PERSONAL NAME
Personal name Martinez, Sergio
Relator term Illustrator
942 ## - ADDED ENTRY ELEMENTS (KOHA)
Source of classification or shelving scheme Dewey Decimal Classification
Koha item type Books
Suppress in OPAC No
Holdings
Withdrawn status Lost status Source of classification or shelving scheme Damaged status Not for loan Collection Home library Current library Shelving location Date acquired Total Checkouts Full call number Barcode Date last seen Copy number Price effective from Koha item type
    Dewey Decimal Classification     Juvenile Fiction Footprints International School Library Network Toul Tom Poung Campus Footprints International School Library Network Toul Tom Poung Campus TTP Primary Yellow Bookshelves 12/09/2025   LUC 656 PZ7.L9684 P FISBK01338 12/09/2025 1 12/09/2025 Books